| 000 | 00757nam a2200217 a 4500 | ||
|---|---|---|---|
| 001 | BRCA_2831 | ||
| 005 | 20190320204004.0 | ||
| 008 | 091208s1959----nyua---###---#000-0#eng-# | ||
| 050 | 4 |
_aND813.S6 _b.S67 1959 |
|
| 245 | 1 | 0 | _aSorolla room pronvinces of Spain by Joaquín Sorolla y Bastida in the collection of the Hispanic Society of America. |
| 260 |
_aNew York _bHispanic Society of America _c1959 |
||
| 300 |
_a1 v. (sin paginación) _bil. _c19 cm. |
||
| 500 | _aDatos tomados de la cubierta | ||
| 500 | _aAA24 | ||
| 600 | 1 | 4 |
_aSorolla y Bastida, Joaquín _d1863-1923 _97831 |
| 650 | 1 | 4 |
_aPintores españoles _97620 |
| 650 | 1 | 4 |
_aGalerías y museos _zEstados Unidos _97437 |
| 710 | 2 |
_aHispanic Society of America _97928 |
|
| 902 | _aGFM | ||
| 942 |
_2lcc _cB |
||
| 999 |
_c2570 _d2570 |
||